=LDR 00000nam 2200000 4500 =001 INLIS000000000048649 =005 20230328082902 =035 ##$$a 0010-121600000000035 =008 230328################g##########0#ind## =020 ##$$a 978-979-18856-0-3 =040 ##$$a NBPDMAT =082 ##$$a 340.570 959 865 3 =090 ##$$a 340.570 959 865 3 $b Sit n =100 ##$$a Siti Maryam R. Salahuddin =245 1#$$a Naskah hukum adat Tanah Bima dalam perspektif Hukum Islam /$c /Dr. Hj. Siti Maryam Putri Salahuddin; editor Mukhlis Muma Leoan =260 ##$$a Bima :$b Sampara,$c 2015 =300 ##$$a xi, 286 hlm. ; $c 24 cm =500 ##$$a Bibliografi : hlm 271 - 276 =500 ##$$a Biografi : hlm. 277 - 286 =650 #4$$a Hukum Adat Bima =700 #$$a Mukhlis Muma Leon =850 ##$$a NBPDMAT =084 ##$$a 340.570 959 865 3 SIT n =990 ##$$a 21601840 =990 ##$$a 21601841 =990 ##$$a 21601842 =990 ##$$a 21601843 =990 ##$$a 21601844 =990 ##$$a 21601841 =990 ##$$a 21601840 =990 ##$$a 21601842 =990 ##$$a 21601843 =990 ##$$a 21601844